Основи на политическата наука (политология) (Запис номер 33747)
[ съкратено ]
| 000 -Лидер | |
|---|---|
| Контролно поле с фиксирана дължина | 01265nam a2200337 c 4500 |
| 003 - Код на организацията, давaща контролен номер | |
| Контролно поле | BLK |
| 005 - Дата и час на последна редакция | |
| Контролно поле | 20230811150221.0 |
| 008 - Елементи от данни с фиксирана дължина | |
| fixed length control field | 180408b bul|||||r ||||||| ||bul|| |
| 010 ## - Наследен системен номер | |
| LC control number | KNG00036438000 |
| 020 ## - Международен стандартен номер на книга ISBN | |
| Международен стандартен номер на книга ISBN | 954-621-182-6 |
| -- | издат.: Знание |
| 040 ## - Източник на каталожния запис | |
| Идентификатор на билиотеката - собственик на записа | BLK |
| 041 ## - Код за език | |
| Код за езика на текст/звукозапис или на отделно заглавие | Български |
| Код за езика КДБФ | Български |
| 080 ## - УДК | |
| Текстов определител УДК | Политическа теория. Политическа идеология. Политология |
| УДК код - определител по УДК | 32.01 |
| УДК определител | |
| УДК - код + определител | 32.01 |
| 100 1# - Редна дума - Автор | |
| Автор | Митев, Трендафил Атанасов |
| R(LIN) | 97086 |
| 139 ## - Редно поле | |
| Редна дума | Митев, Трендафил Атанасов |
| Авторски знак | Мит - М 70 |
| 245 10 - Сведения за заглавието | |
| Заглавие | Основи на политическата наука (политология) |
| Редно поле (дума) | Трендафил Атанасов Митев. |
| 257 ## - Страна на издаване | |
| Страна на създаване/издаване | България |
| 260 ## - Област на издателските данни | |
| -- | Ст. Загора |
| Име на издателя, разпространителя и проч. | Знание |
| Година на издаване | 2001 |
| Печатница | София : ПК Д. Благоев ООД |
| 300 ## - Физическа характеристика | |
| Страници | 174 с. |
| Размери/Мащаб | 29 см |
| 380 ## - Жанр | |
| Жанр | Обществени науки |
| 500 ## - Общи забележки | |
| Забележка | Офс. изд. |
| 650 #4 - Допълнително описание по предмет – тема | |
| Основно описание – тема или топоним | Политология |
| 9 (RLIN) | 166973 |
| 650 #4 - Допълнително описание по предмет – тема | |
| Основно описание – тема или топоним | Политическа наука |
| 9 (RLIN) | 250352 |
| 653 ## - Ключова дума – ненормативна | |
| Ключова дума | политология |
| 852 ## - Местоположение | |
| Форматна сигнатура | Цб ІІ 11214 |
| 856 4# - Електронен адрес и достъп | |
| Електронен формат | pdf - файл |
| Път до файла /url/ | |
| 856 4# - Електронен адрес и достъп | |
| Електронен формат | pdf - файл |
| Път до файла /url/ | |
| 942 ## - АРТИКУЛИ | |
| Вид на библиотечния материал | Книги |
| Скрит в OPAC | Не |
| 944 ## - СЪЗДАВАНЕ И РЕДАКЦИЯ на ЗАПИСА | |
| Създаване/Редакция | Създаване |
| Дата на регистрацията/редакция | 15.01.2003 |
| Служител, извършил регистрацията/редакцията | 30560 |
| Статус, дата на статуса | Геновева Генчева |
| 944 ## - СЪЗДАВАНЕ И РЕДАКЦИЯ на ЗАПИСА | |
| Създаване/Редакция | Редакция |
| Дата на регистрацията/редакция | 13.11.2012 |
| Служител, извършил регистрацията/редакцията | |
| 999 ## - СИСТЕМНИ КОНТРОЛНИ НОМЕРА | |
| Koha biblionumber | 33747 |
| Koha biblioitemnumber | 33747 |
| Код за отписване | Код за изгубен артикул | Източник на класификационната схема | Код за повреда | Коз за рестрикции | Код за отдаване | Артикулен № | Име на библиотеката - собственик | Име на библиотеката, в която се намира в момента | Статус (Текущо местоположение) | Дата на вписване в системата | Местоположение - отдел | Цена в лева | Инвентарен номер | Систематично азбучна сигнатура | Баркод | Номер на екземпляра | Цена в евро | Служебна бележка | Служебен тип на артикула |
|---|---|---|---|---|---|---|---|---|---|---|---|---|---|---|---|---|---|---|---|
| Не е изгубен | Universal Decimal Classification | Не е повреден | само за читалня | ползва се в читалня | 53713 | Регионална библиотека "Любен Каравелов" Русе | Регионална библиотека "Любен Каравелов" Русе | Хранилище | 2001-01-01 | Хранилище | 0.00 | 664968 | Цб ІІ 11214 | 120000664968 | 1 | 0.00 | Дост: Dp Вид: Д N: 19 Дата: 01.01.2001 | Книги | |
| Изтеглен | Не е изгубен | Universal Decimal Classification | Не е повреден | без рестрикции | ползва се в читалня | 53714 | Регионална библиотека "Любен Каравелов" Русе | Регионална библиотека "Любен Каравелов" Русе | Читалня | 2001-12-21 | Читалня | 11.00 | 668664 | Ч 32/М 70 | 668664 | 2 | 5.62 | Дост: Pk Вид: Ф N: 7098 Дата: 21.12.2001 Дата инв: 22.03.2017 Бележки инв: Ч2017 | Книги |